Las interferencias de las emisiones públicas en los mercados monetarios y de capitales / (Record no. 27236)

MARC details
000 -LEADER
campo de control de longitud fija 00670nam a2200193 i 4500
001 - NÚMERO DE CONTROL
campo de control 27236
003 - IDENTIFICADOR DE NÚMERO DE CONTROL
campo de control ES-MaACL
007 - CAMPO FIJO DE DESCRIPCIÓN FÍSICA--INFORMACIÓN GENERAL
campo de control de longitud fija t|
008 - DATOS DE LONGITUD FIJA--INFORMACIÓN GENERAL
campo de control de longitud fija 030114s1985 sp ||||1| spa d
100 1# - ENTRADA PRINCIPAL--NOMBRE DE PERSONA
Nombre de persona Atienza Mena, Teresa.
9 (RLIN) 23742
245 14 - MENCIÓN DEL TÍTULO
Título Las interferencias de las emisiones públicas en los mercados monetarios y de capitales /
Mención de responsabilidad, etc. María Teresa Atienza Mena, José Luis Campos Echeverría.
260 ## - PUBLICACIÓN, DISTRIBUCIÓN, ETC.
Lugar de publicación, distribución, etc. Madrid :
Nombre del editor, distribuidor, etc. Bolsa de Madrid,
Fecha de publicación, distribución, etc. 1985.
300 ## - DESCRIPCIÓN FÍSICA
Extensión 183 p. ;
Dimensiones 24 cm.
490 1# - MENCIÓN DE SERIE
Mención de serie Temas monográficos
700 1# - ENTRADA AGREGADA--NOMBRE PERSONAL
Nombre de persona Campos Echeverría, José Luis.
9 (RLIN) 34267
830 0# - PUNTO DE ACCESO ADICIONAL DE SERIE-TÍTULO UNIFORME
Título uniforme Temas monográficos
9 (RLIN) 229207
852 ## - LOCALIZACIÓN
Ubicación ES-MaACL
Número de control de estantería L-8913
Sublocalización o colección R.110343
Holdings
Estatus retirado Estado de pérdida Estado de daño No para préstamo Biblioteca de origen Biblioteca actual Ubicación en estantería Fecha de adquisición Fuente de adquisición Total de préstamos Signatura topográfica completa Código de barras Visto por última vez Precio de reemplazo Tipo de ítem Koha
        Biblioteca del Ateneo de Madrid Biblioteca del Ateneo de Madrid Depósito 2 17/01/2008     L-8913 1028112 23/02/2023 23/02/2023 Libro impreso